<?xml version="1.0" encoding="UTF-8"?>
<record
    xmlns:xsi="http://www.w3.org/2001/XMLSchema-instance"
    xsi:schemaLocation="http://www.loc.gov/MARC21/slim http://www.loc.gov/standards/marcxml/schema/MARC21slim.xsd"
    xmlns="http://www.loc.gov/MARC21/slim">

  <leader>01438nam a22002654a 4500</leader>
  <controlfield tag="001">UTEA</controlfield>
  <controlfield tag="005">20251013085556.0</controlfield>
  <controlfield tag="006">g||||gr||||||01 nz</controlfield>
  <controlfield tag="007">ta</controlfield>
  <controlfield tag="008">251007b        pe ||||| |||| 00| 0 spa d</controlfield>
  <datafield tag="020" ind1=" " ind2=" ">
    <subfield code="a">9788441547056</subfield>
  </datafield>
  <datafield tag="040" ind1=" " ind2=" ">
    <subfield code="a">UTEA</subfield>
  </datafield>
  <datafield tag="041" ind1=" " ind2=" ">
    <subfield code="a">spa</subfield>
  </datafield>
  <datafield tag="082" ind1=" " ind2=" ">
    <subfield code="a">005.13</subfield>
    <subfield code="b">B21 2023</subfield>
  </datafield>
  <datafield tag="100" ind1=" " ind2=" ">
    <subfield code="a">Banzi Massmo</subfield>
    <subfield code="e">Autor</subfield>
  </datafield>
  <datafield tag="245" ind1=" " ind2=" ">
    <subfield code="a">Introducci&#xF3;n a Arduino :</subfield>
    <subfield code="b">La plataforma para prototipos electronicos de c&#xF3;digo abierto /</subfield>
    <subfield code="c">Massimo Banzi</subfield>
    <subfield code="h">[Texto Impreso]</subfield>
  </datafield>
  <datafield tag="250" ind1=" " ind2=" ">
    <subfield code="a">4ta edici&#xF3;n</subfield>
  </datafield>
  <datafield tag="260" ind1=" " ind2=" ">
    <subfield code="a">Espa&#xF1;a;</subfield>
    <subfield code="b">Editorial Anaya multimedia S.A;</subfield>
    <subfield code="c">2023</subfield>
  </datafield>
  <datafield tag="300" ind1=" " ind2=" ">
    <subfield code="a">255 p&#xE1;ginas;</subfield>
    <subfield code="b">Figuras;</subfield>
    <subfield code="c">14 x 24 cm.</subfield>
  </datafield>
  <datafield tag="505" ind1=" " ind2=" ">
    <subfield code="a">prefacio de la 4ta edici&#xF3;n -- Introducci&#xF3;n -- La filosof&#xED;a de Arduino -- La plataforma arduino -- Empezar de verdad con arduino -- T&#xE9;cnicas avanzadas de entrada y salida --Processing  con una l&#xE1;mpara arduino -- Arduino cloud -- Sistema de riego autom&#xE1;tico para el jard&#xED;n -- La familia ARM de arduino -- Hablar a internet con ARM: un choque de pu&#xF1;os conectada -- Soluci&#xF3;n de problemas -- Ap&#xE9;ndice "A" la placa de pruebas -- Ap&#xE9;ndice "B" lectura de resistencias y condensadores -- Ap&#xE9;ndices "C" referencia r&#xE1;pida de Arduino -- Ap&#xE9;ndice "D" lectura de diagramas esquem&#xE1;ticos.</subfield>
  </datafield>
  <datafield tag="650" ind1=" " ind2=" ">
    <subfield code="a">LA FILOSOFIA DE ARDUINO</subfield>
    <subfield code="9">59663</subfield>
  </datafield>
  <datafield tag="650" ind1=" " ind2=" ">
    <subfield code="a">LA PLATAFORMA DE ARDUINO</subfield>
    <subfield code="9">59664</subfield>
  </datafield>
  <datafield tag="700" ind1=" " ind2=" ">
    <subfield code="a">Michael Shiloh</subfield>
    <subfield code="e">Cautor</subfield>
    <subfield code="9">59665</subfield>
  </datafield>
  <datafield tag="942" ind1=" " ind2=" ">
    <subfield code="2">ddc</subfield>
    <subfield code="c">BK</subfield>
    <subfield code="e">2025-10-13</subfield>
    <subfield code="z">Mag. Cecilio Flores Noa</subfield>
  </datafield>
  <datafield tag="952" ind1=" " ind2=" ">
    <subfield code="0">0</subfield>
    <subfield code="1">0</subfield>
    <subfield code="2">ddc</subfield>
    <subfield code="4">0</subfield>
    <subfield code="7">0</subfield>
    <subfield code="8">EPISF1</subfield>
    <subfield code="a">BCUS</subfield>
    <subfield code="b">BCUS</subfield>
    <subfield code="c">Biblioteca Puputi</subfield>
    <subfield code="d">2025-10-07</subfield>
    <subfield code="e">CP</subfield>
    <subfield code="o">005.13 B21 2023</subfield>
    <subfield code="p">BCUS25100101</subfield>
    <subfield code="w">2025-10-07</subfield>
    <subfield code="y">BK</subfield>
    <subfield code="k"></subfield>
  </datafield>
  <datafield tag="952" ind1=" " ind2=" ">
    <subfield code="0">0</subfield>
    <subfield code="1">0</subfield>
    <subfield code="2">ddc</subfield>
    <subfield code="4">0</subfield>
    <subfield code="7">0</subfield>
    <subfield code="8">EPISF1</subfield>
    <subfield code="a">BABA</subfield>
    <subfield code="b">BABA</subfield>
    <subfield code="c">SALA1</subfield>
    <subfield code="d">2025-10-13</subfield>
    <subfield code="e">CP</subfield>
    <subfield code="o">005.13 B21 2023</subfield>
    <subfield code="p">BABA25100151</subfield>
    <subfield code="w">2025-10-13</subfield>
    <subfield code="y">BK</subfield>
    <subfield code="k"></subfield>
  </datafield>
  <datafield tag="999" ind1=" " ind2=" ">
    <subfield code="c">17431</subfield>
    <subfield code="d">17431</subfield>
  </datafield>
</record>
